000 00423nam a2200145Ia 4500
008 230917s9999||||xx |||||||||||||| ||und||
040 _e10032
_aMAIN
041 _aEnglish
082 _a515.7 H496R
100 _aHewitt, Edwin
245 0 _aReal and abstract analysis: A modern treatment of the theory of functions of a real variable
260 _aNew York
_bSpringer-Verlag
_c1965
300 _aviii, 476 p.
942 _cBK
999 _c53941
_d53941